000 00787nam a2200241 a 4500
001 000016520
005 20200929164926.0
008 100305s1951 sp 000 f spa d
040 _aDO-SdBNP
_bspa
_cBNPHU
082 _a863.3
_bV436diab
100 1 _aVélez de Guevara, Luis,
_c1579-1644
_94138
245 1 3 _aEl diablo cojuelo /
_cVélez de Guevara ; prólogo y notas Francisco Rodríguez Marín.
260 _aMadrid :
_bEspasa-Calpe,
_c1951.
300 _a227 p. ;
_c18 cm.
490 1 _aClásicos castellanos
500 _aIncluye notas al pie de las páginas.
650 4 _aNovela española
_91123
650 4 _aLiteratura española
_9632
700 1 _aRodríguez Marín, Francisco,
_epról.
_915860
830 0 _aClásicos castellanos
_94180
910 _aWM
049 _aBNGR
999 _c16054
_d16054